000
00391nam a22001697a 4500
003
MPLRDC
005
20220104143107.0
008
210129b ||||| |||| 00| 0 eng d
082
_a
415.22 XBZ
100
_a
谢柏樟编著
245
_a
简易急救
_c
250
_a
一版一刷
260
_a
_b
人民卫生出版社
_c
1984
300
_b
平
650
_a
942
_c
BK
_o
415.22 XBZ
999
_c
36563
_d
36553